000 00468nam a22001937a 4500
003 MPLRDC
005 20220104191322.0
008 210129b ||||| |||| 00| 0 eng d
020 _a978-957-674-318-4
082 _a848.3 XX-4
100 _a西西
245 _a猿猴志
_c
250 _a初版
260 _a台湾
_b洪范书店有限公司
_c2011
300 _b
490 _a洪范文学丛书: 343
650 _a现代别集
942 _cBK
_o848.3 XX-4
999 _c64191
_d64181